LEADER 02015nas 2200565- 450 001 9910893247903321 005 20260218111157.0 011 $a2215-6224 035 $a(CKB)5280000000193288 035 $a(CONSER)--2017234630 035 $a(DE-599)ZDB2787727-9 035 $a(DE-599)2787727-9 035 $a(EXLCZ)995280000000193288 100 $a20151031a20109999 -a- - 101 0 $aspa 181 $ctxt$2rdacontent 182 $cc$2rdamedia 183 $acr$2rdacarrier 200 00$aEncuesta nacional de hogares$iResultados generales 210 1$aSan José, Costa Rica :$cINEC, Instituto Nacional de Estadística y Censos 215 $a1 online resource 311 08$aPrint version: Encuesta nacional de hogares. (DLC) 2017234630 (OCoLC)935187832 2215-3381 606 $aHouseholds$zCosta Rica$vStatistics$vPeriodicals 606 $aPoverty$zCosta Rica$vStatistics$vPeriodicals 606 $aHousehold surveys$zCosta Rica$vStatistics$vPeriodicals 606 $aIncome distribution$zCosta Rica$vStatistics$vPeriodicals 606 $aPoverty$2fast$3(OCoLC)fst01074093 606 $aIncome distribution$2fast$3(OCoLC)fst00968670 606 $aHousehold surveys$2fast$3(OCoLC)fst00962152 606 $aHouseholds$2fast$3(OCoLC)fst00962162 606 $aEconomic history$2fast$3(OCoLC)fst00901974 607 $aCosta Rica$xEconomic conditions$y1948-$vStatistics$vPeriodicals 607 $aCosta Rica$2fast 608 $aPeriodicals.$2fast 608 $aStatistics.$2fast 615 0$aHouseholds 615 0$aPoverty 615 0$aHousehold surveys 615 0$aIncome distribution 615 7$aPoverty. 615 7$aIncome distribution. 615 7$aHousehold surveys. 615 7$aHouseholds. 615 7$aEconomic history. 712 02$aInstituto Nacional de Estadística y Censos (Costa Rica), 906 $aJOURNAL 912 $a9910893247903321 920 $aexl_impl conversion 996 $aEncuesta nacional de hogares$94257896 997 $aUNINA